Quiz rapide sur Harry Potter #4 - Statistiques

Statistiques générales
  • Ce quiz a été pris 282 fois
  • Le résultat moyen est 9 sur 15
Statistiques - réponses
Lettres Nom % Correct
umledbreo Dumbledore
92%
wiitckfl Flitwick
86%
ahirdg Hagrid
77%
uielrrql Quirrel
77%
cgoanllamg Mcgonagall
76%
upnil Lupin
69%
sglounrh Slughorn
67%
aumgeyr Maugrey
65%
ouegr Rogue
60%
inebbi Bibine
54%
cklohtra Lockhart
53%
evrcauoh Chourave
48%
urbbgea Burbage
35%
margeob Ombrage
32%
ctoevr Vector
26%
Aucun quiz correspondant
Distribution des résultats
% des personnes avec chaque résultat
Percentile par nombre de réponses
Votre historique - résultats
Vous n’avez pas pris ce quiz